000 00690nam a2200241Ia 4500
003 OSt
005 20220926014353.0
006 a|||||r|||| 00| 0
007 ta
008 220923b |||||||| |||| 00| 0 eng d
037 _cGeneral Book
040 _aRTL
_cRTL
_beng
041 _2eng
_aeng
082 _aX:9k, J8
100 _aYODER Dale
245 0 _aHandbook of personnel management and labour relati
260 _aNew York
_bMcGraw Hill U. S. A.
_c1958
650 _a Human Resource Management
_9248143
650 _a Personnel Management
_929105
650 _aLabour Economics
_921364
942 _hX:9k, J8
_cGB
_2CC
999 _c628837
_d628837